[Event "GRE-ch U18 Girls"]
[Site "Chania"]
[Date "2021.07.18"]
[Round "6"]
[White "Akriva, Christina"]
[Black "Papadokonstantaki, Aikaterini"]
[Result "0-1"]
[WhiteElo "1009"]
[BlackElo "1236"]
[PlyCount "120"]
[EventDate "2021.07.15"]
[EventType "swiss"]
[EventRounds "9"]
[EventCountry "GRE"]
[SourceTitle "EXT 2022"]
[Source "ChessBase"]
[SourceDate "2021.10.06"]
[SourceVersion "1"]
[SourceVersionDate "2021.10.06"]
[SourceQuality "1"]

1. e4 e5 2. Nf3 Nc6 3. Bc4 Bc5 4. Nc3 Nf6 5. d3 h6 6. Be3 Bb6 7. Qd2 d6 8. h3 Be6 9. Bb5 0-0 10. d4 exd4 11. Bxd4 Nxd4 12. Nxd4 a6 13. Ba4 Ba5 14. f3 b5 15. Bb3 Bxb3 16. cxb3 d5 17. Nc6 Bxc3 18. Qxc3 Qd6 19. 0-0-0 Qf4+ 20. Qd2 Qxd2+ 21. Rxd2 dxe4 22. fxe4 Nxe4 23. Rc2 Kh7 24. Rf1 f6 25. Re1 f5 26. Rf1 g6 27. Rd1 Rf7 28. Ne5 Rg7 29. Rc6 Nd6 30. a4 Re8 31. Rd5 Rge7 32. Rcc5 Nb7 33. Nc6 Re1+ 34. Kc2 Nxc5 35. Rxc5 R8e2+ 36. Kd3 Rxg2 37. Nb4 Re7 38. axb5 axb5 39. Rxb5 Rxb2 40. Nd5 Rf7 41. Kc3 Rh2 42. Rc5 Rxh3+ 43. Kc4 Rh1 44. Kb5 Rd1 45. Nxc7 f4 46. Rc2 f3 47. Rf2 Rxc7 48. Rxf3 Rd5+ 49. Kb6 Rg7 50. b4 Rf5 51. Rb3 g5 52. b5 g4 53. Ka6 Rf3 54. Rb2 Ra3+ 55. Kb6 g3 56. Kc6 Rc3+ 57. Kd6 g2 58. Rxg2 Rxg2 59. b6 Rb2 60. b7 Rxb7 0-1

[Event "GRE-ch U18 Girls"]
[Site "Chania"]
[Date "2021.07.17"]
[Round "4"]
[White "Kratimenou, Maria"]
[Black "Papadokonstantaki, Aikaterini"]
[Result "0-1"]
[WhiteElo "1423"]
[BlackElo "1236"]
[PlyCount "56"]
[EventDate "2021.07.15"]
[EventType "swiss"]
[EventRounds "9"]
[EventCountry "GRE"]
[SourceTitle "EXT 2022"]
[Source "ChessBase"]
[SourceDate "2021.10.06"]
[SourceVersion "1"]
[SourceVersionDate "2021.10.06"]
[SourceQuality "1"]

1. e4 e5 2. Nf3 Nc6 3. Nc3 Nf6 4. Bb5 Bb4 5. d3 d6 6. 0-0 Bxc3 7. bxc3 0-0 8. h3 Ne7 9. Bg5 Ng6 10. d4 Qe7 11. Re1 h6 12. Bd2 Rd8 13. Bd3 Nf8 14. Rb1 g5 15. Nh2 Ng6 16. g3 Bxh3 17. Rxb7 Rdb8 18. Rb3 c6 19. d5 Bd7 20. Qe2 Kg7 21. Kg2 Rxb3 22. cxb3 Rh8 23. dxc6 Bxc6 24. Ng4 h5 25. Ne3 Qe6 26. Nf5+ Qxf5 27. f3 Qd7 28. Bxg5 h4 0-1

[Event "GRE-chT Online Rapid (Women) 1st"]
[Site "Tornelo INT"]
[Date "2021.02.21"]
[Round "6.8"]
[White "Papadokonstantaki, Aikaterini"]
[Black "Apostolidou, Eleni"]
[Result "0-1"]
[WhiteElo "1236"]
[BlackElo "1478"]
[PlyCount "104"]
[EventDate "2021.02.20"]
[EventType "team-swiss (rapid)"]
[EventRounds "9"]
[EventCountry "GRE"]
[SourceTitle "EXT 2023"]
[Source "ChessBase"]
[SourceDate "2022.10.05"]
[SourceVersion "1"]
[SourceVersionDate "2022.10.05"]
[SourceQuality "1"]

1. e4 e5 2. Nf3 Nc6 3. Bb5 a6 4. Ba4 Nf6 5. 0-0 b5 6. Bb3 Be7 7. c3 d6 8. Re1 0-0 9. h3 Na5 10. Bc2 c5 11. d4 Nc6 12. d5 Na7 13. Nbd2 Re8 14. Nf1 Bf8 15. Ne3 g6 16. Nh2 Bg7 17. c4 Bb7 18. b3 Nc8 19. Neg4 Nb6 20. Bd3 b4 21. Nxf6+ Qxf6 22. Ng4 Qe7 23. Nh6+ Kh8 24. Qf3 Rf8 25. Qg4 Nd7 26. Bg5 f6 27. Be3 Rfd8 28. Rad1 Qf8 29. Qh4 g5 30. Qg4 Bxh6 31. h4 Qg7 32. hxg5 Bxg5 33. Bxg5 Qxg5 34. Qxg5 fxg5 35. Re3 Nf6 36. Rh3 Bc8 37. Rh6 Kg7 38. Rh2 Rf8 39. f3 Bd7 40. g3 Rae8 41. Ra1 Ng8 42. Rf2 Nf6 43. a3 bxa3 44. Rxa3 Ra8 45. Rb2 Rfb8 46. Bc2 Bc8 47. Ra4 Nd7 48. Kg2 Nb6 49. Ra5 Nxc4 50. Rba2 Nxa5 51. Rxa5 Rb5 52. Ra2 Rb6 0-1

[Event "GRE-chT Online Rapid (Women) 1st"]
[Site "Tornelo INT"]
[Date "2021.02.21"]
[Round "8.9"]
[White "Papadokonstantaki, Aikaterini"]
[Black "Tsouli, Rafailia"]
[Result "0-1"]
[WhiteElo "1236"]
[BlackElo "1319"]
[PlyCount "142"]
[EventDate "2021.02.20"]
[EventType "team-swiss (rapid)"]
[EventRounds "9"]
[EventCountry "GRE"]
[SourceTitle "EXT 2023"]
[Source "ChessBase"]
[SourceDate "2022.10.05"]
[SourceVersion "1"]
[SourceVersionDate "2022.10.05"]
[SourceQuality "1"]

1. e4 e5 2. Nf3 Nc6 3. Bb5 a6 4. Ba4 Nf6 5. 0-0 b5 6. Bb3 Bc5 7. Nxe5 Nxe5 8. d4 Bxd4 9. Qxd4 d6 10. Bf4 Qe7 11. Nc3 Bb7 12. Rfe1 0-0 13. Nd5 Nxd5 14. exd5 Rfe8 15. Re3 f6 16. Rae1 Qd7 17. Rg3 Ng6 18. Ree3 Rxe3 19. Bxe3 Re8 20. c4 Qf5 21. h3 bxc4 22. Qxc4 Re7 23. Kh2 Qe4 24. Rg4 Qxc4 25. Bxc4 Ne5 26. Rd4 Nxc4 27. Rxc4 Bxd5 28. Ra4 Bb7 29. Rb4 c5 30. Rb3 Kf7 31. g4 c4 32. Rb4 d5 33. Rb6 Kg6 34. Kg3 Bc8 35. Rd6 Rd7 36. Rc6 Bb7 37. Rb6 Bc8 38. h4 h5 39. g5 Kf5 40. Rb8 Bb7 41. Rh8 d4 42. Bd2 Kg6 43. gxf6 gxf6 44. Rh6+ Kf7 45. Rxh5 Ke6 46. Rc5 Bd5 47. Ra5 Bb7 48. Ra4 c3 49. bxc3 dxc3 50. Re4+ Bxe4 51. Bc1 Rd1 52. Be3 c2 53. Kf4 c1Q 54. Bxc1 Rxc1 55. Kxe4 Rc4+ 56. Kd3 Rxh4 57. Kc3 Kd5 58. Kb3 Rh2 59. f4 Ke4 60. a4 Kxf4 61. Kb4 Rh5 62. Kc4 f5 63. Kc5 Rh6 64. Kb4 Ke4 65. Kc3 f4 66. Kd2 f3 67. Ke1 Rh2 68. Kf1 Ra2 69. Kg1 Ke3 70. a5 f2+ 71. Kf1 Ra1+ 0-1

[Event "GRE-ch U10 Girls"]
[Site "Porto Rio"]
[Date "2016.07.01"]
[Round "5"]
[White "Kiousi, Panagiota"]
[Black "Papadokonstantaki, Aikaterini"]
[Result "1-0"]
[WhiteElo "1407"]
[BlackElo "1167"]
[PlyCount "73"]
[EventDate "2016.06.28"]
[EventType "swiss"]
[EventRounds "9"]
[EventCountry "GRE"]
[SourceTitle "CBM 173 Extra"]
[Source "ChessBase"]
[SourceDate "2016.08.29"]
[SourceVersion "1"]
[SourceVersionDate "2016.08.29"]
[SourceQuality "1"]

1. d4 d5 2. c4 e6 3. Nc3 Nf6 4. cxd5 exd5 5. Bg5 Be7 6. e3 0-0 7. Bd3 h6 8. Bh4 c6 9. Qc2 Nbd7 10. Nge2 Re8 11. 0-0 b6 12. a3 Bb7 13. Rfc1 Ne4 14. Bxe7 Qxe7 15. Nxe4 dxe4 16. Bc4 Rac8 17. b4 c5 18. bxc5 bxc5 19. Rab1 Rc7 20. Ng3 Qg5 21. Qa2 Nb6 22. dxc5 Nxc4 23. Qxc4 Rxc5 24. Qxc5 Qxc5 25. Rxc5 Ba6 26. Rbc1 Re6 27. Rc6 Rxc6 28. Rxc6 Bd3 29. Rc8+ Kh7 30. Rc7 a6 31. Rxf7 Bc4 32. Rc7 Bd3 33. Nf5 Kh8 34. Nxg7 Bb5 35. Nh5 Kg8 36. Nf6+ Kh8 37. Rh7# 1-0